[Event "GER-ch U10 Girls"]
[Site "Willingen"]
[Date "2024.05.24"]
[Round "9"]
[White "Goyush, Shams"]
[Black "Elsayed Esam, Sally"]
[Result "1/2-1/2"]
[WhiteElo "996"]
[BlackElo "1581"]
[PlyCount "112"]
[EventDate "2024.05.19"]
[EventType "swiss"]
[EventRounds "11"]
[EventCountry "GER"]
[SourceTitle "CBM 220 Extra"]
[Source "ChessBase"]
[SourceDate "2024.07.31"]
[SourceVersion "1"]
[SourceVersionDate "2024.07.31"]
[SourceQuality "1"]

1. e4 c6 2. c4 d5 3. exd5 cxd5 4. cxd5 Qxd5 5. Nc3 Qd6 6. d4 Nf6 7. Nf3 e6 8. Bd3 Nc6 9. Bb1 Be7 10. a3 0-0 11. Qd3 h6 12. Nd2 b6 13. Nde4 Nxe4 14. Nxe4 f5 15. Nxd6 Bxd6 16. Qc4 Na5 17. Qd3 Bb7 18. 0-0 Rf6 19. Ba2 Rd8 20. b4 Nc6 21. Bb2 Rg6 22. f3 Be5 23. Qd2 Bxd4+ 24. Bxd4 Nxd4 25. Qb2 Nxf3+ 26. Kh1 Rd2 27. Qxd2 Nxd2 28. Rf2 Ne4 29. Rf4 Nd6 30. Rg1 Kh7 31. Rd4 Ne4 32. h3 Rg5 33. Bxe6 Rh5 34. Bd5 Ng3+ 35. Kh2 Ne2 36. Bxb7 Nxd4 37. Rd1 Nc2 38. Rd3 Rh4 39. g3 Rc4 40. Bd5 Rc7 41. Kg1 g5 42. Kf2 a5 43. bxa5 bxa5 44. a4 Nb4 45. Rd1 Nxd5 46. Rxd5 Rc2+ 47. Kf1 f4 48. gxf4 gxf4 49. Rxa5 Rh2 50. Rf5 Rxh3 51. Rxf4 Ra3 52. Ke2 Kg6 53. Rb4 h5 54. Kf2 Kg5 55. Kg2 h4 56. Rb5+ Kf6 1/2-1/2

[Event "GER-ch U10 Girls"]
[Site "Willingen"]
[Date "2024.05.22"]
[Round "7"]
[White "Elsayed Esam, Sally"]
[Black "Tu, Tiffany"]
[Result "0-1"]
[WhiteElo "1581"]
[BlackElo "1611"]
[PlyCount "72"]
[EventDate "2024.05.19"]
[EventType "swiss"]
[EventRounds "11"]
[EventCountry "GER"]
[SourceTitle "CBM 220 Extra"]
[Source "ChessBase"]
[SourceDate "2024.07.31"]
[SourceVersion "1"]
[SourceVersionDate "2024.07.31"]
[SourceQuality "1"]

1. d4 d5 2. Bf4 e6 3. Nc3 Bd6 4. Bg3 c6 5. Nf3 f5 6. e3 Nf6 7. Bd3 0-0 8. 0-0 Bxg3 9. hxg3 Nbd7 10. Ne2 Ne4 11. Bxe4 dxe4 12. Nd2 Qg5 13. Nf4 Nf6 14. c4 Ng4 15. c5 Rf6 16. Nc4 Qh6 17. Nh3 Qh5 18. Ne5 Rh6 19. f3 Nxe3 20. Qd2 Nxf1 21. Rxf1 exf3 22. Rxf3 b6 23. b4 Ba6 24. a4 Rc8 25. Qa2 g5 26. Rxf5 Qd1+ 27. Kh2 Qxd4 28. Rxg5+ Kf8 29. Qb1 Qd2 30. Rg4 Be2 31. Re4 Kg7 32. Qa1 Kg8 33. Qb1 Rf8 34. Qa1 Rf1 35. Qa3 Rxh3+ 36. Kxh3 Rh1# 0-1

[Event "GER-ch U10 Girls"]
[Site "Willingen"]
[Date "2024.05.22"]
[Round "6"]
[White "Shynkar, Daria"]
[Black "Elsayed Esam, Sally"]
[Result "0-1"]
[WhiteElo "1648"]
[BlackElo "1581"]
[PlyCount "96"]
[EventDate "2024.05.19"]
[EventType "swiss"]
[EventRounds "11"]
[EventCountry "GER"]
[SourceTitle "CBM 220 Extra"]
[Source "ChessBase"]
[SourceDate "2024.07.31"]
[SourceVersion "1"]
[SourceVersionDate "2024.07.31"]
[SourceQuality "1"]

1. d4 d5 2. c4 c6 3. e3 Nf6 4. Nc3 Bf5 5. cxd5 cxd5 6. Qb3 Nc6 7. Bb5 Rb8 8. Nf3 a6 9. Bxc6+ bxc6 10. Qa4 Qc8 11. Ne5 Bd7 12. 0-0 e6 13. f3 c5 14. Nxd7 Nxd7 15. Qc2 cxd4 16. exd4 Bd6 17. f4 0-0 18. Rf3 Bb4 19. a3 Bxc3 20. Rxc3 Qd8 21. Rg3 Qh4 22. Bd2 Rfc8 23. Qd3 h6 24. b4 Nf6 25. Qe2 Ne4 26. Rg4 Qf6 27. Be3 h5 28. Rg5 Nxg5 29. fxg5 Qf5 30. Qxh5 Rc2 31. Rf1 Qg6 32. Qf3 Rf8 33. Bf4 Rfc8 34. Bg3 R8c3 35. Qf4 Rxa3 36. Qb8+ Kh7 37. Qf4 Raa2 38. Bf2 Qf5 39. Qh4+ Kg8 40. Qg3 g6 41. Qb8+ Kg7 42. Qg3 Rab2 43. Qh4 Kg8 44. h3 Qe4 45. Qg3 Rxb4 46. Qd6 Rbb2 47. Qd8+ Kh7 48. Qe7 Qf4 0-1